000 01599nam0a2200325 4500
001 RU\NLR\bibl\21016
005 20260407025719.0
010 _a5-7556-0102-X
_9500
021 _aRU
_b99-4350
_9203
035 _a(NLR Aleph) 000020481
090 _a93354
_c93354
100 _a19990408d1999 |||y0rusy50 ca
101 0 _arus
102 _aRU
105 _ay |||||||||
200 1 _aСоциология межнациональных отношений в цифрах
_fИн-т соц.-полит. исслед. РАН. Центр социологии нац. и регион. отношений
_g[Авт.-сост.: чл.-кор. РАН Иванов В.Н., к.ф.-м.н. Козина А.В.]
210 _aМ.
_cРИЦ ИСПИ РАН
_d1999
215 _a144 с.
_d20
320 _aБиблиогр. в подстроч. примеч.
606 0 _aНациональные отношения
_xСоциологические исследования
_91696120
_3RU\NLR\auth\66754545
686 _aС550.67
702 1 _4220
_8rus
_7ca
_aИванов
_bВ. Н.
_cд-р филос. наук, поэт
_f1934-
_gВилен Николаевич
_3RU\NLR\AUTH\7723756
_96809
711 0 2 _4070
_aИнститут социально-политических исследований
_cМосква
_bЦентр социологии национальных и региональных отношений
_3RU\NLR\AUTH\8810011529
_9520752
801 0 _aRU
_bNLR
_c19990408
_gPSBO
801 1 _aRU
_bNLR
_c19990408
852 _aNLR
_j99-3/1203
942 _cBOOK
980 _aNB